000 00862nam a22002297a 4500
999 _c10975
_d10975
003 AR-CdUCM
008 190402b ||||| |||| 00| 0 spa d
040 _aMUNICIPALIDAD PROVINCIAL DEL CUSCO
_cBIBLIOTECA MUNICIPAL DEL CUSCO
082 _aEP / 372.036 /
_bB38
100 _aBenavides E. J. Augusto
_928065
245 _aEnciclopedia escolar :
_b1er grado /
260 _aLima :
_bEscuela nueva, s.a.,
300 _a446 paginas
_c24 cm.
505 _aContenido :Lenguaje --Matemática -- Naturaleza, comunidad y trabajo -- La higiene personal -- La habilitación del agua para el consumo humano...
650 _aHistoria del Perú
_9259
650 _aEducación primaria
_91561
700 _aLevano Barrera, Miguel T.
_928066
700 _aMarin del Aguila, Angel
_928067
700 _aVásquez Vara, Juana
_928068
942 _2ddc
_cLIBROS
945 _arum